Reálny opčný prístup: Nový pohľad na investičné rozhodovanie podnikateľských subjektov

Východiská klasickej investičnej teórie. Investície a ich nezameniteľnosť. Investičné opcie.

Gespeichert in:
Bibliographische Detailangaben
1. Verfasser: Belanová, Katarína, 1978-
Format: Buchkapitel
Sprache:Slowakisch
Schlagworte:
Tags: Tag hinzufügen
Keine Tags, Fügen Sie das erste Tag hinzu!

MARC

LEADER 00000naa a2200000 4500
001 0160921
005 20240502072807.7
041 0 |a slo 
044 |a SK 
245 1 0 |a Reálny opčný prístup: Nový pohľad na investičné rozhodovanie podnikateľských subjektov  |c Katarína Belanová 
520 |a Východiská klasickej investičnej teórie. Investície a ich nezameniteľnosť. Investičné opcie. 
610 2 0 |a investície 
610 2 0 |a investovanie 
610 2 0 |a rozhodovanie investičné 
610 2 0 |a opcie 
610 2 0 |a výdavky 
610 2 0 |a podnikanie 
100 1 |a Belanová, Katarína, 1978-